000 00354nam a22001577a 4500
005 20160629125531.0
008 160629b xxu||||| |||| 00| 0 eng d
041 _aeng
082 _b11033
100 _aTagore Rabindra Nath
_93125
245 _aCliro Kunav sabha
260 _bViswa Bharti
300 _a190
650 _aManagement
_9241
942 _cBK
999 _c4677
_d4675